000 02421cam0 2200493 ib4500
001 BY-HR0002-br20231216132
005 20260209124107.0
010 ^a5-94582-508-5
^bв переплете
^d3р.22к.
100 ^a20230626d2005 bc y0rusy50 ca
101 0 ^arus
102 ^aRU
105 ^aa z 000oy
109 ^ama
200 1 ^aМалахитовая шкатулка
^eсказы
^e[для дошкольного и младшего школьного возраста]
^fПавел Бажов
^gхудожник С. Болотная
210 ^aРостов-на-Дону
^cПроф-Пресс
^d2005
215 ^a143 с.
^cил.
^d27 см
327 1 ^aСодержание: Серебряное Копытце; Огневушка-Поскакушка; Голубая Змейка; Каменный цветок; Медной горы Хозяйка; Синюшкин колодец
345 ^920 000 экз.
464 0 ^12001
^aСеребряное Копытце
464 0 ^12001
^aОгневушка-Поскакушка
464 0 ^12001
^aГолубая Змейка
464 0 ^12001
^aКаменный цветок
464 0 ^12001
^aСинюшкин колодец
464 0 ^12001
^aМедной горы Хозяйка
606 ^aСКАЗ (лит.)
^3BY-NLB-ar3134598
^2DVNLB
606 ^aРУССКАЯ ЛИТЕРАТУРА
^3BY-NLB-ar28702
^2DVNLB
608 ^aДЕТСКАЯ И ЮНОШЕСКАЯ ЛИТЕРАТУРА (художеств. произведение)
^3BY-NLB-ar9019
^2BYGNR
686 ^a84(2=411.2)6
^2rubbk
690 ^a1
^xRSEK
^2Base
^9BY-MI0005
700 1 ^aБажов
^bП. П.
^gПавел Петрович
^cписатель
^f1879–1950
^3BY-NLB-ar2272851
^4070
702 1 ^aБолотная
^bС. Е.
^gСветлана Е.
^cхудожник
^3BY-SEK-ar2103966
^4040
801 0 ^aBY
^bBY-HR0002
^c20230626
^gRCR
801 2 ^aBY
^bBY-MI0005
^c20260209
^gRCR
035 ^a(BY-MI0005)BY-HR0002-br20231216132
899 0 ^aBY-MI0005
^iБ16
^h84(2=411.2)6